Právo Evropské unie a národní zájmy České republiky
Historický pohľad na základnú štruktúru práva EÚ. Systém práva EÚ. Komunitárne právo, právo prvého piliera EÚ. Podstata komunitárneho práva. Detailnejšie členenie sekundárneho komunitárneho práva. Možnosti uplatnenia komunitárneho práva. Spoločná zahraničná a bezpečnostná politika. Zmluva o E...
Na minha lista:
| Autor principal: | |
|---|---|
| Formato: | Capítulo de Livro |
| Idioma: | tcheco |
| Assuntos: | |
| Tags: |
Sem tags, seja o primeiro a adicionar uma tag!
|
MARC
| LEADER | 00000naa$a2200000$$$4500 | ||
|---|---|---|---|
| 001 | 0057093 | ||
| 005 | 20220713130830.5 | ||
| 041 | 0 | |a cze | |
| 044 | |a CZ | ||
| 245 | 1 | 0 | |a Právo Evropské unie a národní zájmy České republiky |c Petr Wawrosz |
| 520 | |a Historický pohľad na základnú štruktúru práva EÚ. Systém práva EÚ. Komunitárne právo, právo prvého piliera EÚ. Podstata komunitárneho práva. Detailnejšie členenie sekundárneho komunitárneho práva. Možnosti uplatnenia komunitárneho práva. Spoločná zahraničná a bezpečnostná politika. Zmluva o Európskom spoločenstve. | ||
| 610 | 2 | 0 | |a Európska únia |
| 610 | 2 | 0 | |a Česko |
| 610 | 2 | 0 | |a záujmy verejné |
| 610 | 2 | 0 | |a legislatíva |
| 610 | 2 | 0 | |a história |
| 610 | 2 | 0 | |a Európske spoločenstvá |
| 610 | 2 | 0 | |a právo európske |
| 610 | 2 | 0 | |a právo komunitárne |
| 100 | 1 | |a Wawrosz, Petr | |